Keď sú tímy roztrúsené po svete

Bibliographic Details
Main Author: Pokojná, Katarína (Author)
Format: Article
Language:Slovak
PhysicalDescription:Fotogr., tab.
ISSN:1335-4620
Subjects:

MARC

LEADER 00000nab a2200000 ar4500
001 vtls008996785
003 SK-MaSNL
005 20260303065752.0
008 070607c2006 xo er|p|||||||000 b|slo
015 |a SNBRB2007/06  |2 snkbucl 
038 |a SNKBUCL 
040 |a SNKBUCL  |b slo  |c SNKBUCL  |e AACR2 
041 0 |a slo 
044 |a xo  |c SK 
080 |a 331.103.246:004.946  |2 2001 
080 |a 004.946  |2 2001 
100 1 |a Pokojná, Katarína  |4 aut  |9 426285 
245 1 0 |a Keď sú tímy roztrúsené po svete  |c Katarína Pokojná 
300 |b Fotogr., tab. 
650 0 7 |a virtuálne pracovné tímy  |2 snkbucl  |9 27515 
650 0 7 |a virtuálna komunikácia  |2 snkbucl  |9 483683 
773 0 |t Profit  |g Č. 25-26 (2006), s. 78-79  |x 1335-4620 
852 |a SNK  |b KIS3GCP 
999 |c 1752598  |d 1754528